Państwa i ich stolice które brzmią tak samo - Statystyki

Ogólne statystyki
  • Ten quiz został rozwiązany 500 razy
  • Średni wynik to 8 z 11
Statystyki odpowiedzi
Kontynent Państwo i Stolica % Poprawnych
Europa Watykan
94%
Europa San Marino
90%
Europa Luksemburg
89%
Europa Andora
88%
Europa Monako
86%
Ameryka Północna Meksyk
79%
Ameryka Północna Panama
62%
Azja Singapur
57%
Ameryka Północna Gwatemala
55%
Azja Kuwejt
50%
Afryka Dżibuti
46%
Nie znaleziono quizów pasujących do podanych kryteriów
Rozkład punktacji
Procent ludzi z każdym wynikiem
Percentyl według liczby udzielonych odpowiedzi
Twoja historia wyników
Nie rozwiązałeś tego quizu